Estudios económicos-financieros de los Planes Generales / (Record no. 60982)

MARC details
000 -LEADER
campo de control de longitud fija 00618nam a2200181 i 4500
001 - NÚMERO DE CONTROL
campo de control 60982
003 - IDENTIFICADOR DE NÚMERO DE CONTROL
campo de control ES-MaACL
007 - CAMPO FIJO DE DESCRIPCIÓN FÍSICA--INFORMACIÓN GENERAL
campo de control de longitud fija t|
008 - DATOS DE LONGITUD FIJA--INFORMACIÓN GENERAL
campo de control de longitud fija 031110s1979 sp ||||1| spa d
245 00 - MENCIÓN DEL TÍTULO
Título Estudios económicos-financieros de los Planes Generales /
Mención de responsabilidad, etc. [han colaborado, Joaquín Clusa Oriach ... [et al]].
260 ## - PUBLICACIÓN, DISTRIBUCIÓN, ETC.
Lugar de publicación, distribución, etc. Madrid :
Nombre del editor, distribuidor, etc. Centro de Estudios de Ordenación del Territorio y Medio Ambiente,
Fecha de publicación, distribución, etc. 1979.
300 ## - DESCRIPCIÓN FÍSICA
Extensión 150 p. ;
Dimensiones 30 cm.
490 1# - MENCIÓN DE SERIE
Mención de serie Serie manuales
700 1# - ENTRADA AGREGADA--NOMBRE PERSONAL
Nombre de persona Clusa Oriach, Joaquín.
9 (RLIN) 39318
830 0# - PUNTO DE ACCESO ADICIONAL DE SERIE-TÍTULO UNIFORME
Título uniforme Serie manuales
9 (RLIN) 183545
852 ## - LOCALIZACIÓN
Ubicación ES-MaACL
Número de control de estantería L-5845
Sublocalización o colección R.106445
Holdings
Estatus retirado Estado de pérdida Estado de daño No para préstamo Biblioteca de origen Biblioteca actual Ubicación en estantería Fecha de adquisición Fuente de adquisición Total de préstamos Signatura topográfica completa Código de barras Visto por última vez Precio de reemplazo Tipo de ítem Koha
        Biblioteca del Ateneo de Madrid Biblioteca del Ateneo de Madrid Depósito 2 17/01/2008     L-5845 1063950 23/02/2023 23/02/2023 Libro impreso